The two gentlemen of Verona. (Record no. 18753)
[ view plain ]
| 000 -LEADER | |
|---|---|
| fixed length control field | 01781cam a22003733a 4500 |
| 001 - CONTROL NUMBER | |
| control field | 18753 |
| 003 - CONTROL NUMBER IDENTIFIER | |
| rucl marc code | BD-RjUL |
| 005 - DATE AND TIME OF LATEST TRANSACTION | |
| control field | 20211209000329.0 |
| 008 - FIXED-LENGTH DATA ELEMENTS--GENERAL INFORMATION | |
| fixed length control field | 140222s19551921xxu 000 0 eng |
| 035 ## - SYSTEM CONTROL NUMBER | |
| System control number | (BD-RjUL)18811 |
| 040 ## - CATALOGING SOURCE | |
| Original cataloging agency | DLC |
| Transcribing agency | DLC |
| Language of cataloging | eng |
| 041 ## - LANGUAGE CODE | |
| Language code of text/sound track or separate title | eng |
| 082 ## - DEWEY DECIMAL CLASSIFICATION NUMBER | |
| Classification number | 822.33 |
| Author mark and year | TWO 1955 |
| 245 04 - TITLE STATEMENT | |
| Title | The two gentlemen of Verona. |
| 260 ## - PUBLICATION, DISTRIBUTION, ETC. (IMPRINT) | |
| Date of publication, distribution, etc. | c1921 [reprinting 1955] |
| Place of publication, distribution, etc. | Cambridge : |
| Name of publisher, distributor, etc. | Cabridge university press, |
| 300 ## - PHYSICAL DESCRIPTION | |
| Pagination | 110 p. ; |
| Size | 18 cm. |
| 500 ## - GENERAL NOTE | |
| General note | Barter Theatre of Virginia, Abingdon, Va., August 31-September 5 [1953]. |
| General note | Title devised by Library staff. |
| General note | Cast: Charles McCawley, Grant Williams, Frank Lowe, Kay Kendall, Nancy Green, Lauren Farr, Frank Deal, June Moncur, Joanne Good, Robert Gallico, David Cross, Sam Greene, Frederick Combs, Tommy Burrows, Sonia Torgeson, Mary Muzekari, Libby Glenn. |
| 520 ## - SUMMARY, ETC. | |
| Summary, etc. | Robert Porterfield presents "The Two Gentlemen of Verona," by William Shakespeare, designed and directed by John Edward Friend, lighting by Albin Aukerlund. |
| 580 ## - LINKING ENTRY COMPLEXITY NOTE | |
| Linking entry complexity note | In: American theater programs of the late 19th and 20th centuries (Library of Congress). |
| 700 1# - ADDED ENTRY--PERSONAL NAME | |
| Personal name | Porterfield, Robert, |
| Dates associated with a name | 1905-1971. |
| Personal name | Friend, John Edward. |
| Personal name | Aukerlund, Albin. |
| Personal name | Shakespeare, William, |
| Dates associated with a name | 1564-1616. |
| 710 2# - ADDED ENTRY--CORPORATE NAME | |
| Corporate name or jurisdiction name as entry element | Barter Theatre (Organization : Abingdon, Va.) |
| 9 (RLIN) | 57822 |
| Corporate name or jurisdiction name as entry element | Theater Playbills and Programs Collection (Library of Congress) |
| Institution to which field applies | DLC |
| 9 (RLIN) | 57823 |
| 752 ## - ADDED ENTRY--HIERARCHICAL PLACE NAME | |
| Country or larger entity | United States |
| First-order political jurisdiction | Virginia |
| City | Williamsburg. |
| 942 ## - ADDED ENTRY ELEMENTS (KOHA) | |
| Source of classification or shelving scheme | Dewey Decimal Classification |
| Koha item type | Books |
| Lost status | Source of classification or shelving scheme | Damaged status | Not for loan | Collection code | Permanent Location | Current Location | Shelving location | Date acquired | Source of acquisition | Cost, normal purchase price | Total Checkouts | Full call number | Date last seen | Copy number | Koha item type |
|---|---|---|---|---|---|---|---|---|---|---|---|---|---|---|---|
| Dewey Decimal Classification | Not For Loan | Fiction | Central Library, University of Rajshahi | Central Library, University of Rajshahi | Reading Room | 14/02/1956 | ABC | 12.30 | 822.33 TWO 1955 | 22/02/2014 | C-1 | Books |